Gaming Quiz

Random Gaming Quiz

Starcraft 2 Personalities Quiz Stats

 Plays Quiz not verified by Sporcle

Score 0/32 Timer 15:00
0 Plays Today
Hints gamerTags % Correct
a starting pokemonSquirtle
75%
most valuable playerMvp
70.8%
24 hrs + 9Day 9
66.7%
BlandTasteless
58.3%
apples, oranges, etc. for saleFruitDealer
54.2%
master of ceremoniesMc
50%
beverageNestea
50%
hm05Flash
45.8%
a monthJuly
45.8%
42Life
41.7%
a cityRotterdam
41.7%
bright redScarlett
41.7%
long necked birdStork
37.5%
Phoenix Wright's successorApollo
33.3%
colbert's nemesisRain
33.3%
a hard knock Polt
33.3%
Hints gamerTags % Correct
combat aircraftBomber
33.3%
a sportMma
33.3%
leavingParting
33.3%
~FalseTrue
29.2%
new ideas or productsInnovation
29.2%
rabbitBunny
29.2%
colorless egyptian godWhitera
25%
LOTRFantasy
20.8%
Jet LiHero
20.8%
fps gameDestiny
20.8%
german shoe companyPuma
20.8%
emperor of the few and the proudMarineking
20.8%
scopeSniper
20.8%
Killed CatCurious
16.7%
Time of DeathTod
16.7%
salutationsDear
12.5%

You're not logged in!

Compare scores with friends on all Sporcle quizzes.
OR
Log In

You Might Also Like...

Show Comments

Extras

Created Jul 17, 2015ReportNominate
Tags:personality, starcraft

Top Quizzes Today


Score Distribution

Your Account Isn't Verified!

In order to create a playlist on Sporcle, you need to verify the email address you used during registration. Go to your Sporcle Settings to finish the process.

Report this User

Report this user for behavior that violates our Community Guidelines.

Details: